Visualizzazione normale
Vista MARC
- De Sica Vittorio
di Personal Name
Records bibliografici associati: 2
001 - CONTROL NUMBER
- control field: 39736
003 - CONTROL NUMBER IDENTIFIER
- control field: IT-RoPau
005 - DATE AND TIME OF LATEST TRANSACTION
- control field: 20151126121026.0
008 - FIXED-LENGTH DATA ELEMENTS
- fixed length control field: 151126|| aca||aabn | a|a d
040 ## - CATALOGING SOURCE
- Original cataloging agency: IT-RoPau
- Transcribing agency: IT-RoPau
100 ## - HEADING--PERSONAL NAME
- Personal name: De Sica Vittorio
- Relator term: (regista)
- Miscellaneous information: Codice regista SPICS: 7270
670 ## - SOURCE DATA FOUND
- Source citation: Work cat.: (IT-RoPau)105145: De Sica Vittorio Codice regista SPICS: 7270 39732, GIARDINO DEI FINZI CONTINI (IL) GIARDINO DEI FINZI CONTINI (IL) (Rif. Codice opera principale : V0866)